01648 a2200229 45000010006000000050017000060080041000230030015000640400040000790800066001192450037001850200018002222500012002402640034002523000024002865050917003100410008012271000023012357000027012587000028012858560105013133498120260407155635.0260407a1990 arg spa dAR-UNSa-BCEJYS aAR-UNSa-BCEJYSbspacAR-UNSa-BCEJYS a004xCiencia y tecnología de los ordenadores. Informática10aInformáticappresente y futuro a968-422-575-X a2a. ed. 1aMéxico :bMcGraw-Hillc1990 axxx, 887 p.c25 cm. a1. Las computadoras en el mundo actual - 2. Cómo usar los programas de computadora - 3. Cómo adquirir programas para computadora - 4. Efecto de las computadoras sobre la sociedad - 5. Conceptos y componentes de los procesadores centrales - 6. Captura de datos - 7. Almacenamiento secundario y salida - 8. Cómo integrar las piezas: computadoras personales y sistemas más grandes - 9. Comunicación de datos: sistemas y redes - 10. Programas para manipular textos - 11. Programas para analizar datos - 12. Programas para almacenar y recuperar información - 13. Paquetes integrados - 14. Análisis y diseño de sistemas de información - 15. Preparación de programas: prácticas y lenguajes - 16. Sistemas de información gerencial: conceptos - 17. Sistemas de información gerencial: aspectos - 18. Análisis de programas: conceptos y ejemplos - 19. El basic básico - 20. Más sobre el basic aspa1 aSanders, Donald H.1 aEscalona, Roberto Luis1 aTorfer Martell, Alberto41uhttps://biblioeco.unsa.edu.ar/pmb/images/libros/informaticPresFut.jpgyImagen de portadaqimage/jpeg